00768nam a2200229 a 4500001000400000003001000004005001700014008004100031020001800072040002500090080001700115100003800132245015600170250002600326260003200352300002700384504002100411650003100432650002600463650003500489650001400524421BR-CuiBMT20231122130016.0231106s2008 prba 000 0 por d a9788536215853 aBR-CuiBMTcBR-CuiBMT 22007a502.131 aAssumpção, Luiz Fernando Joly10aSistema de gestão ambiental :bmanual prático para implementação de SGA e certificação ISO 14.001/2004 /cLuiz Fernando Joly Assumpção. a2. ed., rev. e atual. aCuritiba :bJuruá,c2008. a279 p. :bil. ;c21 cm aInclui índice. aGestão ambientalzBrasil aMeio ambientezBrasil aProteção ambientalxNormas aISO 14001